000 00579nam a22001217a 4500
008 110623t xxu||||| |||| 00| 0 eng d
010 _aCACA F-48
245 _aCourt of Appeal Civil Appeal No.7 of 1981. Grinlays Bank (U) Ltd vs Craft & Construction (U) Ltd & ors
260 _c1981
500 _aCoram: Musoke, P. , Lubogo, V-P. ; Nyamuchoncho J.A.
500 _aAppeal from an order of High Court of Uganda, at Kampala Katinti, J. dated 21st December 1980 H.C.C.S. 522 of 1980
999 _c3680
_d3680